00393nam a2200145Ia 4500008004100000020001400041040001900055041001200074082002200086245004600108260003200154300002100186700002400207850001600231131103s9999 xx 000 0 und d a706411749 aLoreto College aEnglish aF/BLAbLCBED/8993 aEscape storiescedited by Elizabeth Bland aLondonbOctopus Booksc1980 a363 p. c 22 cm. aBland,Elizabeth,ed. aLCBED/F/BLA